MDQL
is popping MORE tags! Check the
thread
!
Quizzes
Events
Quiz Creation
Community
Videos
Private Events
Remove Ads
Sign In
Join for FREE
Feedback
Dark Mode
Quiz Categories
Sports
Geography
Music
Movies
Television
Just For Fun
Miscellaneous
History
Literature
Language
Science
Gaming
Entertainment
Religion
Holiday
For Kids
Quiz Lab
Recent
Popular Today
Quiz Kudos Today
Editor Picks
Curator Picks
Quizzes by...
Day
Popularity
Type
Ratings
Length
Year
Community
Subscriptions
Recent Discussions
Orange Saloon
Badges
Playlists
Quests
Create
Leaderboards
Showdown
Live 5
Trivia Bingo
Activity
Puzzle Library
Sporcle Events
Private Events
Virtual Trivia
Globe League
Become a Host
Pub Owners
SporcleCon
Opinionation
Our Games
Videos
Blog
Mobile Apps
Partnerships
Remove Ads and Go Orange
Feedback
Music
Pop Music
The Beatles
Song
Album
Lyrics
Bands
Singers
Artist
Clip
Rock
Rap
Classical
Billboard
Country Music
Kpop
Taylor Swift
Music
Pop Music
The Beatles
Song
Album
Lyrics
Bands
Singers
Artist
Clip
Rock
Rap
Classical
Billboard
Country Music
Kpop
Taylor Swift
Random Quiz
Search Sporcle
×
Quiz Lab
Quiz Lab
Music
greatest
Type in answers that appear in a list
Type in answers that appear in a list
Classic
Best Score? Go Orange.
The 50 Greatest Love Songs Stats
Can you name the 50 Greatest Love Songs?
By
paultoes
10m
50 Questions
233 Plays
233 Plays
233 Plays
Comments
Comments
Give Quiz Kudos
Give Quiz Kudos
-
- Ratings
hide this ad
More Info
Replay
Link that replays current quiz
Next Quiz
Link to next quiz in quiz playlist
You Got
0%
They Got
Avg Score
29%
Avg Friend Score
Upgrade to see
Score Distribution
Jump to the score distribution portion of the page
Score
0/50
Timer
10:00
0
Plays Today
Rank
Song
% Correct
26.
Iris
68.2%
23.
Sweet Child O' Mine
63.1%
5.
Time After Time
60.5%
3.
Let's Stay Together
58.8%
15.
Stand By Me
57.9%
39.
Your Song
56.7%
18.
At Last
54.5%
46.
Unchained Melody
54.1%
1.
God Only Knows
53.6%
24.
My Girl
52.4%
31.
When A Man Loves A Woman
51.9%
40.
Kiss From A Rose
51.5%
7.
In Your Eyes
48.9%
13.
Wonderful Tonight
47.6%
2.
Something
45.5%
21.
Fallin'
45.1%
33.
With Or Without You
42.5%
27.
Baby, I Love Your Way
41.2%
4.
The First Time Ever I Saw Your Face
37.8%
14.
Ain't No Mountain High Enough
37.3%
28.
Lovesong
32.6%
11.
Maybe I'm Amazed
30.9%
47.
I Melt With You
29.6%
32.
Can't Help Falling in Love With You
29.2%
8.
(You Make Me Feel Like) A Natural Woman
28.8%
Rank
Song
% Correct
50.
Don't Dream It's Over
28.8%
29.
You Are The Sunshine Of My Life
24.5%
20.
Everlong
24%
16.
Wild Horses
23.6%
35.
September
21.5%
34.
River Deep, Mountain High
19.7%
12.
Maps
19.3%
36.
The Way You Make Me Feel
18.9%
44.
Head Over Heels
17.6%
6.
In My Life
12.9%
43.
Come Away With Me
11.6%
45.
I Can't Help Myself
11.6%
22.
Enjoy the Silence
11.2%
42.
Lay Lady Lay
10.7%
25.
Home
9.9%
30.
There Is A Light That Never Goes Out
9.4%
41.
Your Love Is King
7.3%
17.
Lovely Day
6.9%
37.
Ain't Nobody
6.9%
9.
This Must Be The Place
4.3%
10.
Adore
3.4%
49.
The Book Of Love
2.6%
38.
First Day Of My Life
2.1%
19.
You Got Me
1.7%
48.
Playground Love
0.9%
Quiz Playlist
Details
Report
Send in Message
Add To Playlist
More Info:
**Extra Notes in Comments**
Classic:
Type in answers that appear in a list
Quiz Source
Last Updated: Feb 16, 2017
Quiz Scoreboard
CHALLENGE
Sign Up to Join the Scoreboard
Show All
Scores
Hide
Comments
May contain spoilers
Recently Published
1-10 Letter E Words III
by El_Dandy
Language
2m
Street Fighter Characters
by Artimus82
Gaming
60s
College Basketball Coaching Resumes
by pancakes188
Sports
9m
More to Explore
Quiz From the Vault
Featured Blog Post
Where Did the Easter Bunny Come From?
hide this ad
You Might Also Like...
Tags
greatest
Love Songs
My Chemical Romance
Romantic
Top 50
Today's Top Quizzes in Music
Browse Music
hide this ad
Today's Top Quizzes in greatest
Browse greatest
Top Contributed Quizzes in Music
1
Taylor Swift All Songs (2024)
2
Taylor Swift Logic Puzzle
3
Guess the Artist- 70s Songs
4
7-to-1: Billboard Hot 100 #1 Hits of 2010s
5
Sorting Albums and Songs
6
Billboard Blitz: Aretha Franklin
7
KPOP LOGIC QUIZ
8
Guess the Taylor Swift song (Mystery Song)
9
Guess The Taylor Swift Lyrics Song #1
10
Billboard Blitz: ABBA
Explore More
Trending Topics
NBA
Anime
Marvel
Harry Potter
Disney
Crossword
Kpop
Puzzle
Pokémon
NFL
The Office
Soccer
Country
Song
WWE
hide this ad
More By:
paultoes
Quiz
Plays
Rating
Category
Featured
Created
Movies by First Frame
174,442
4.12
Movies
May 18, 2014
1990s Movie Slideshow
149,817
4.50
Movies
Jul 31, 2013
1980s Movie Slideshow
135,558
4.76
Movies
Aug 4, 2013
1970s Movie Slideshow
115,001
4.65
Movies
Sep 7, 2013
Movies by First Frame II
114,214
4.15
Movies
May 18, 2014
Go to Creator's Profile
Score Distribution
Quiz Creator Spotlight
paultoes
Follow
Send a Message
Quizzes Created
-
Created Quiz Play Count
-
More By This Creator
Popular Quizzes Today
1
Find the US States - No Outlines Minefield
2
Find the Countries of Europe - No Outlines Minefield
3
The Countries of the World
4
Find the US States
5
Risky Map Clicking: Biggest States A-Z
6
US States
7
Popular People in 1961
8
Movies - When Are They Set?
More Music Quizzes
Song Titles That 'Can't'
Published
Trending Quizzes
Risky Map Clicking: Least Populous States A-Z
Billboard Blitz: Aretha Franklin
Famous Russians: Author or Composer?
1-10 Letter G Words
Countries of the World: 200 Million BC
Recently Updated
Leaping Animals
pecheneg
Reality TV Shows (A-Z)
bhenderson79
Rickey Henderson's Hall of Fame Teammates
pecheneg
Champions League XIs: Arsenal
pecheneg
Quick Pick: Celebrities in WWE's Hall of Fame
aduchscher
A-Z Keypad Blitz II
pecheneg
Multiple Oscar Actors
pecheneg
Mystery Phrase Blitz: Oscar 'Best Actors'
pecheneg
F. Scott Fitzgerald Novels
LTH
Pick 3 Villains
ddd62291
Trending Topics
Marvel
Anime
Disney
Crossword
Harry Potter
NBA
Kpop
Pokémon
Country
NFL
WWE
Soccer
The Office
Puzzle
Song
Your Account Isn't Verified!
In order to create a playlist on Sporcle, you need to verify the email address you used during registration. Go to your
Sporcle Settings
to finish the process.
Report this User
Report this user for behavior that violates our
Community Guidelines
.
Details:
Send Report
Go to the Sporcle.com Mobile Site →
Comments